• 首页
  • 本馆介绍
  • 公告通知
  • 最新文献
  • 馆藏检索
  • 电子资源
  • 读者导购
  • 参考咨询
  • 我的图书馆
  • 登录
  • 详细信息显示
  • 放入我的书架
  • 预约/预借图书
  • 作者相关作品
  • 分类相关作品
  • 丛书相关作品
  • 出版社相关作品

书目信息

  • 表格格式
  • 工作单格式
  • 卡片格式
题名:
民间情歌
    
 
作者: 董森 编
分册:  
出版信息: 北京   中国民间文艺出版社  1981.8
页数: 230页
开本: 19cm
丛书名:
单 册:
中图分类: I277.2
科图分类:
主题词: 民间文学--中国
电子资源:
ISBN:
000 00492nam0 2200193 45
001 0312221749
005 20060801100255.15
010    @dCNY0.75
091    @a10229.0007
100    @a20031222d1981 km y0chiy0120 ea
101    @achi
200 1  @a民间情歌@AMin Jian Qing Ge@f董森编@FDong Sen Bian
210    @a北京@c中国民间文艺出版社@d1981.8
215    @a230页@d19cm
606 0  @a民间文学@x中国
690    @aI277.2@v3
701 0  @a董森@4编
801    @aCN@bTSTCL@c20060801
905    @dI277.2@e140
    
    民间情歌/董森编.-北京:中国民间文艺出版社,1981.8
    230页;19cm
    
    
    ISBN :CNY0.75
    
●
相关链接 在E读中查询图书 在五车中查询图书 在当当中查询图书 在豆瓣中查询图书


正题名:民间情歌     索取号:I277.2/140         预约/预借

序号 登录号 条形码 馆藏地/架位号 状态 备注
1 0068625   000038499   第二借阅区/ [索取号:I277.2/140] 在馆    
2 0068626   000038471   第二借阅区/ [索取号:I277.2/140] 在馆    
3 0068627   000038480   第一样本阅览室/ [索取号:I277.2/140] 在馆    
4 0427065   204270653   密集书库/ [索取号:I277.2/140] 在馆    
5 0428165   204281650   密集书库/ [索取号:I277.2/140] 在馆    
6 0443255   204432550   密集书库/ [索取号:I277.2/140] 在馆    
7 0443256   204432569   密集书库/ [索取号:I277.2/140] 在馆    
唐山师范学院图书馆 欢迎您!
大连网信软件有限公司© 版权所有